|
|
|
|
| LEADER |
00000nab a2200000 ar4500 |
| 001 |
vtls009154698 |
| 003 |
SK-MaSNL |
| 005 |
20260304221556.0 |
| 008 |
071030c19760911xo |r|p|||||||000 b|slo |
| 015 |
|
|
|a SNBRB2007/10
|2 snkbucl
|
| 038 |
|
|
|a SNKBUCL
|
| 040 |
|
|
|a SNKBUCL
|b slo
|c SNKBUCL
|e AACR2
|
| 041 |
|
|
|a slo
|
| 044 |
|
|
|a xo
|c SK
|
| 080 |
|
|
|a 792.095.071.2
|2 1997
|
| 100 |
0 |
|
|a -kas-
|4 aut
|9 899731
|
| 245 |
1 |
0 |
|a Torzo s charakterom celku
|b k nedožitej šesťdesiatke dr. Magdy Lokvencovej
|c [autor] -kas-
|
| 300 |
|
|
|b Obr.
|
| 600 |
1 |
7 |
|a Husáková-Lokvencová, Magda,
|d 1916-1966
|4 snkbucl
|2 snkbucl
|9 215324
|
| 773 |
0 |
|
|t Ľud
|g (11.9.1976), s. 5
|
| 852 |
|
|
|a SNK
|b KIS3GCP
|
| 958 |
|
|
|a BX
|
| 999 |
|
|
|c 3158721
|d 3160651
|